Vista normal
Vista MARC
Entrada Personal Name
Número de registros utilizados en: 5
001 - CONTROL NUMBER
- control field: 7601
003 - CONTROL NUMBER IDENTIFIER
- control field: OSt
005 - DATE AND TIME OF LATEST TRANSACTION
- control field: 20200722101223.0
008 - FIXED-LENGTH DATA ELEMENTS
- fixed length control field: 200722|| aca||aabn | a|a d
040 ## - CATALOGING SOURCE
- Original cataloging agency: OSt
- Transcribing agency: OSt
100 ## - HEADING--PERSONAL NAME
- Personal name: Tirado Mejía, Álvaro
670 ## - SOURCE DATA FOUND
- Source citation: Work cat.: (OSt)5437: Tirado Mejía, Álvaro, autor, Introducción a la historia económica de Colombia /, 2001.